000
00305nam a22001337a 4500
008
230525b |||||||| |||| 00| 0 eng d
020
_a
9789395759250
100
_a
R. K. Bangia
245
_a
Contract II
260
_a
Faridabad
_b
ALA Pub.
_c
2023
300
_a
548
546
_a
English
942
_2
ddc
_c
BK
999
_c
20084
_d
20084